000 00808nam a2200253 i 4500
003 DO-SdBNP
005 20240308073620.0
007 ta
008 230713b2015 dr a|||| |||| 00| 0 spa d
020 _a9789945082814
040 _aDO-SdBNP
_bspa
_cBNPHU
_erda
082 4 _222
100 1 _aStanley, Avelino,
_d1959-
_eautor
_91536
245 1 0 _aDuarte y los valores /
_cAvelino Stanley ; revisión, Luisa Navarro ; ilustraciones, Juan Pablo Féliz
264 1 _aSanto Domingo :
_bCocolo,
_c2015.
300 _a11 páginas :
_bilustraciones ;
_c28 cm.
336 _2rdacontent
_atexto
_btxt
337 _2rdamedia
_asin mediación
_bn
338 _2rdacarrier
_avolumen
_bnc
590 _aInventariado, 2023/BT
700 _aFéliz, Juan Pablo,
_eilustraciones
_96598
910 _aBtavárez
942 _2ddc
_cLF2
999 _c54160
_d54160